|
|
|
|
| LEADER |
00000nab a2200000 a 4500 |
| 001 |
vtls000895605 |
| 003 |
SK-MaSNL |
| 005 |
20260305013944.0 |
| 008 |
040720e19970903xo 0 slo |
| 035 |
|
|
|a KE4636
|
| 040 |
|
|
|a KEVKJB
|b slo
|c KEVKJB
|e AACR2
|
| 041 |
0 |
|
|a slo
|
| 044 |
|
|
|a xo
|c SK
|
| 080 |
|
|
|a 76
|2 1981
|
| 080 |
|
|
|a 681.31
|2 1981
|
| 100 |
0 |
|
|a ER
|4 aut
|9 401972
|
| 245 |
1 |
0 |
|a Čo dokáže computer
|b Východoslovenská galéria predstavuje počítačové výtvarné umenie
|
| 610 |
2 |
7 |
|a Východoslovenská galéria (Košice, Slovensko)
|2 KEVKJB
|9 29814
|
| 610 |
2 |
7 |
|a Galéria Júliusa Jakobyho (Košice, Slovensko)
|2 KEVKJB
|9 29565
|
| 650 |
0 |
7 |
|a počítačové umenie
|2 KEVKJB
|9 70294
|
| 650 |
0 |
7 |
|a počítačová grafika
|2 KEVKJB
|9 1829
|
| 650 |
0 |
7 |
|a virtuálna realita
|2 KEVKJB
|9 1842
|
| 650 |
0 |
7 |
|a výstavy
|2 KEVKJB
|9 2780
|
| 650 |
0 |
7 |
|a informácie
|2 KEVKJB
|9 1285
|
| 651 |
|
7 |
|a Košice (Slovensko)
|2 KEVKJB
|9 18694
|
| 651 |
|
7 |
|a KE,
|2 KEVKJB
|9 877256
|
| 651 |
|
7 |
|a KE,
|2 KEVKJB
|9 877256
|
| 655 |
|
7 |
|a periodikum
|2 snkbucl
|9 29553
|
| 710 |
2 |
|
|a Východoslovenská galéria (Košice, Slovensko)
|4 aut
|9 29814
|
| 773 |
0 |
8 |
|t Košický večer
|g Roč. 8
|g Roč. 29, č.170, 3.9.1997, s. 4
|
| 852 |
|
|
|a ZVYKNI
|b KIS3GCP
|
| 999 |
|
|
|c 3266901
|d 3268831
|